C programming made easy with graphics and application/ (Record no. 853)

MARC details
000 -LEADER
Fixed length control field 00463nam a2200181 4500
003 - CONTROL NUMBER IDENTIFIER
Control field SEACOMEC
005 - DATE AND TIME OF LATEST TRANSACTION
Control field 20240629122011.0
008 - FIXED-LENGTH DATA ELEMENTS--GENERAL INFORMATION
Fixed length control field 240404b |||||||| |||| 00| 0 eng d
020 ## - INTERNATIONAL STANDARD BOOK NUMBER / ISBN
Price Rs.160.00
040 ## - CATALOGING SOURCE
Original cataloging agency SEACOMEC
082 ## - DEWEY DECIMAL CLASSIFICATION NUMBER
Classification number 005.133
Book Number R161
100 ## - MAIN ENTRY--PERSONAL NAME
Personal name Rajaram,R.
245 ## - TITLE STATEMENT
Title C programming made easy with graphics and application/
Statement of responsibility R. Rajaram
250 ## - EDITION STATEMENT
Edition statement 2nd ed.
260 ## - IMPRINT
Place of publication Chennai
Name of publisher Scitech
Date of publication 2003
650 ## - SUBJECT ADDED ENTRY--TOPICAL TERM
Topical term Computer science,
942 ## - ADDED ENTRY ELEMENTS (KOHA)
Koha item type Books
Holdings
Withdrawn status Lost status Source of classification Damaged status Not for loan Home library Current library Date acquired Total Checkouts Call number Accession number Date last seen Price effective from Koha item type Copy number Checked out Date checked out
    Dewey Decimal Classification     SEACOM ENGINEERING COLLEGE SEACOM ENGINEERING COLLEGE 04/04/2024   005.133 R161 3304 04/04/2024 04/04/2024 Reference Books      
    Dewey Decimal Classification     SEACOM ENGINEERING COLLEGE SEACOM ENGINEERING COLLEGE 04/04/2024   005.133 R161 3305 04/04/2024 04/04/2024 Books 1    
    Dewey Decimal Classification     SEACOM ENGINEERING COLLEGE SEACOM ENGINEERING COLLEGE 04/04/2024 1 005.133 R161 3306 09/04/2026 04/04/2024 Books 2 23/04/2026 09/04/2026
    Dewey Decimal Classification     SEACOM ENGINEERING COLLEGE SEACOM ENGINEERING COLLEGE 04/04/2024   005.133 R161 3307 04/04/2024 04/04/2024 Books 3    
    Dewey Decimal Classification     SEACOM ENGINEERING COLLEGE SEACOM ENGINEERING COLLEGE 04/04/2024   005.133 R161 3308 04/04/2024 04/04/2024 Books 4    
    Dewey Decimal Classification     SEACOM ENGINEERING COLLEGE SEACOM ENGINEERING COLLEGE 14/02/2007   005.133 R161 5947 29/06/2024 29/06/2024 Books 5    
    Dewey Decimal Classification     SEACOM ENGINEERING COLLEGE SEACOM ENGINEERING COLLEGE 14/02/2007   005.133 R161 5948 29/06/2024 29/06/2024 Books 6    
    Dewey Decimal Classification     SEACOM ENGINEERING COLLEGE SEACOM ENGINEERING COLLEGE 14/02/2007   005.133 R161 5949 29/06/2024 29/06/2024 Books 7    
    Dewey Decimal Classification     SEACOM ENGINEERING COLLEGE SEACOM ENGINEERING COLLEGE 14/02/2007 1 005.133 R161 5950 09/04/2026 29/06/2024 Books 8 23/04/2026 09/04/2026
    Dewey Decimal Classification     SEACOM ENGINEERING COLLEGE SEACOM ENGINEERING COLLEGE 14/02/2007   005.133 R161 5951 29/06/2024 29/06/2024 Books 9    
© Seacom Engineering College, All rights reserved.      Powered by Koha